书目信息 |
| 题名: |
电子光学理论基础
|
|
| 作者: | о·и·谢曼 著 ;北京大学电子物理教研室 译 | |
| 分册: | ||
| 出版信息: | 北京 高等教育出版社 1958.12 |
|
| 页数: | 385页 | |
| 开本: | 20cm | |
| 丛书名: | ||
| 单 册: | ||
| 中图分类: | O463 | |
| 科图分类: | ||
| 主题词: | 真空电子学 , 电子物理学 | |
| 电子资源: | ||
| ISBN: | ||
| 000 | 00747nam0 2200217 450 | |
| 001 | 0631419328 | |
| 005 | 20060816084719.20 | |
| 010 | @dCNY1.40 | |
| 100 | @a20060816d1958 km y0chiy0120 ea | |
| 101 | 0 | @achi@crus |
| 102 | @aCN@b110000 | |
| 200 | 1 | @a电子光学理论基础@Adian zi guang xue li lun ji chu@f(苏)о·и·谢曼著@F(su)о·и·xie man zhu@g北京大学电子物理教研室译@Gbei jing da xue dian zi wu li jiao yan shi yi |
| 210 | @a北京@c高等教育出版社@d1958.12 | |
| 215 | @a385页@d20cm | |
| 606 | 0 | @a真空电子学 |
| 606 | 0 | @a电子物理学 |
| 690 | @aO463@v3 | |
| 701 | 0 | @aо·и·谢曼@Aо·и·xie man@4著 |
| 712 | 0 | @a北京大学电子物理教研室@Abei jing da xue dian zi wu li jiao yan shi@4译 |
| 801 | 0 | @aCN@bPFT@c20060816 |
| 905 | @a10447@dO463@e14 | |
| 电子光学理论基础/(苏)о·и·谢曼著/北京大学电子物理教研室译.-北京:高等教育出版社,1958.12 |
| 385页;20cm |
| ISBN :CNY1.40 |
| ● |
| 相关链接 |
|
|
|
|
正题名:电子光学理论基础
索取号:O463/14
 
预约/预借
| 序号 | 登录号 | 条形码 | 馆藏地/架位号 | 状态 | 备注 |
| 1 | 0461735 | 204617352 | 密集书库/ [索取号:O463/14] | 在馆 |